000 02359cam a2200397 a 4500
999 _c2980
_d2980
001 235379
003 GZU
005 20210505144933.0
008 990513s1998 enkac 000 0 eng d
010 _a 99206033
020 _a085598399X
035 _a(OCoLC)40982175
040 _aUKM
_cUKM
_dJYJ
_dUMC
_dDLC
042 _alccopycat
043 _ad------
050 0 0 _aJV9480
_b.G45 1998
082 0 0 _a325.2/09172/4
_221
245 0 0 _aGender and migration /
_cedited by Caroline Sweetman.
260 _aOxford :
_bOxfam,
_cc1998.
300 _a72 p. :
_bill., ports. ;
_c25 cm.
440 0 _aOxfam focus on gender
500 _aCover title.
504 _aIncludes bibliographical references.
505 0 _aEditorial / Caroline Sweetman -- 'Frustrated and displaced': Filipina domestic workers in Canada / Nona Grandea with Joanna Kerr -- Gujarati migrants' search for modernity in Britain / Emma Crewe and Uma Kothari -- Workers on the move: seasonal migration and changing social relations in rural India / Ben Rogaly -- Food shortages and gender relations in Ikafe settlement, Uganda / Lina Payne -- Mental illness and social stigma: experiences in a Pakistani community in the UK / Erica L. Wheeler -- More words but no action? Forced migration and trafficking of women / Francine Pickup -- The use and abuse of female domestic workers from Sri Lanka in Lebanon / Lina Abu-Habib -- Migration, ethnicity, and conflict: Oxfam's experience of working with Roma communities in Tuzla, Bosnia-Hercegovina / Alex Jones -- Resources / compiled by Sara Chamberlain.
650 0 _aWomen immigrants
_xSocial conditions.
650 0 _aMigration, Internal
_xSocial aspects.
651 0 _aDeveloping countries
_xEmigration and immigration
_xSocial aspects.
700 1 _aSweetman, Caroline.
710 2 _aOxfam.
856 4 1 _3Table of contents only
_uhttp://www.loc.gov/catdir/enhancements/fy1117/99206033-t.html
856 4 2 _3Contributor biographical information
_uhttp://www.loc.gov/catdir/enhancements/fy1117/99206033-b.html
856 4 2 _3Publisher description
_uhttp://www.loc.gov/catdir/enhancements/fy1117/99206033-d.html
906 _a7
_bcbc
_ccopycat
_d3
_encip
_f19
_gy-gencatlg
942 _2lcc
_cBK
_h9480
_iGEN
_kJV
_m1998